000 00822caa a22001817a 4500
999 _c442991
_d442991
003 UA-OsUOA
005 20191127165437.0
008 191127b un ||||| |||| 00| 0 ukr d
040 _aUA-OsUOA
_bukr
_cUA-OsUOA
_dUA-OsUOA
041 _aukr
080 _a908
090 _a908
100 _aБендюк Н.
245 _aАналіз з історії дослідження писанкарства південної Волині та Острожчини зокрема
_cН. Бендюк
300 _aС. 306–313
773 0 _0366895
_9390170
_dОстрог Свинарчук Р. В. 2011
_o136211
_tІсторія музейництва, пам'яткоохоронної справи, краєзнавства і туризму в м. Острозі і на Волині
_w(UA-OsUOA) 80586
942 _2udc
_cBKA